Statystyki dla Zawodnicy, którzy dostali 2 czerwone kartki - Ekstraklasa 2021/2022.

Kliknij tutaj aby rozwiązać quiz!

Ogólne statystyki

  • Ten quiz został rozwiązany 11 razy
  • Średni wynik to 2 z 6

Statystyki odpowiedzi

Zawodnik% Poprawnych
Jakub Rzeźniczak
50%
Dominik Furman
40%
Janusz Gol
40%
Mark Tamas
40%
Giannis Papanikolaou
20%
Michal Frydrych
20%

Rozkład punktacji

Percentyl według liczby udzielonych odpowiedzi

Procent ludzi z każdym wynikiem

Twoja historia wyników

Nie rozwiązałeś tego quizu